000 00298nam a22001337a 4500
008 170927b xxu||||| |||| 00| 0 eng d
020 _a9780933149748
041 _aeng
080 _a37
100 _a47
101 _aEDU
245 _aTHE SPECIAL-NEEDS READINGLIST
_cWEENEY,W.K
942 _2udc
_cBK
999 _c30305
_d30305